Destinos Desde Todos los Aeropuertos de Buenos Aires - Estadísticas

Estadísticas generales
  • Esta prueba ha sido intentada 95 veces
    10 desde el último reinicio
  • La puntuación promedio es 65 de 95
Estadísticas de respuestas
Aerolíneas Destino % Correcto
Level Barcelona
100%
GOL Linhas Aéreas Belo Horizonte
100%
Aerolíneas ArgentinasAvianca Bogotá
100%
Aerolíneas ArgentinasGOL Linhas Aéreas Brasilia
100%
Aeroméxico Ciudad de México
100%
Aerolíneas Argentinas
Flybondi
JetSMART
Córdoba
100%
Aerolíneas Argentinas
JetSMART
LATAM Airlines
Sky Airline
Lima
100%
Aerolíneas Argentinas
Air Europa
Iberia Plus Ultra Líneas Aéreas
Madrid
100%
Aerolíneas Argentinas
British Airways
Emirates
Flybondi GOL Linhas Aéreas
JetSMART LATAM Airlines
Río de Janeiro
100%
Aerolíneas Argentinas Rosario
100%
Aerolíneas ArgentinasFlybondi San Juan (ARG)
100%
Aerolíneas Argentinas
JetSMART
KLM
LATAM Airlines
Sky Airline
Santiago de Chile
100%
Aerolíneas ArgentinasFlybondi Santiago del Estero
100%
Aerolíneas Argentinas
Air Canada
Ethiopian Airlines
Flybondi
Gol Linhas Aéreas
LATAM Airlines
Swiss
Turkish Airlines
São Paulo
100%
China Eastern Airlines Shanghái
100%
Aerolíneas Argentinas
Flybondi
JetSMART
Ushuaia
100%
Ethiopian Airlines Adís Abeba
86%
KLM Ámsterdam
86%
Aerolíneas Argentinas LADE Bahía Blanca
86%
Aerolíneas Argentinas Cancún
86%
Aerolíneas Argentinas Flybondi JetSMART LADE Comodoro Rivadavia
86%
Aerolíneas ArgentinasFlybondi Corrientes
86%
Emirates Dubái
86%
Aerolíneas ArgentinasFlybondi
JetSMART
El Calafate
86%
Lufthansa Fráncfort
86%
United Airlines Houston
86%
British Airways Londres
86%
Aerolíneas Argentinas LADE Mar del Plata
86%
Avianca Medellin
86%
Aerolíneas Argentinas Flybondi JetSMART Mendoza
86%
Aerolíneas Argentinas Montevideo
86%
Air France París
86%
Aerolíneas ArgentinasGOL Linhas Aéreas Porto Alegre
86%
Avianca Quito
86%
Aerolíneas ArgentinasFlybondi
JetSMART
LADE
San Carlos de Bariloche
86%
Aerolíneas Argentinas San Fernando del Valle de Catamarca
86%
Avianca San José (CR)
86%
Aerolíneas ArgentinasFlybondi JetSMART San Miguel de Tucumán
86%
Aerolíneas Argentinas Santa Fe
86%
Delta Airlines Atlanta
71%
American Airlines Dallas-Fort Worth
71%
Turkish Airlines Estambul
71%
Aerolíneas Argentinas
Flybondi
Gol Linhas Aéreas
JetSMART LATAM Airlines
Florianópolis
71%
Aerolíneas Argentinas Formosa
71%
AviancaLATAM Airlines Guayaquil
71%
Aerolíneas Argentinas La Rioja
71%
Aerolíneas Argentinas American Airlines LATAM Airlines Miami
71%
American AirlinesDelta Airlines Nueva York
71%
Aerolíneas Argentinas Paraná
71%
Aerolíneas ArgentinasFlybondi Posadas
71%
Aerolíneas ArgentinasFlybondi JetSMART Puerto Iguazú
71%
Aerolíneas ArgentinasJetSMART Resistencia
71%
Aerolíneas Argentinas Río Gallegos
71%
Aerolíneas ArgentinasITA Airways Roma
71%
Aerolíneas ArgentinasFlybondi
JetSMART
Salta
71%
Aerolíneas ArgentinasFlybondi
GOL Linhas Aéreas Sky Airline
Salvador de Bahia
71%
Aerolíneas Argentinas San Luis
71%
Aerolíneas Argentinas San Rafael
71%
Aerolíneas ArgentinasFlybondi San Salvador de Jujuy
71%
Aerolíneas ArgentinasBoliviana de Aviación Santa Cruz de la Sierra
71%
Aerolíneas Argentinas Santa Rosa
71%
Air Canada Toronto
71%
Aerolíneas Argentinas Viedma
71%
Swiss Zúrich
71%
Aerolíneas ArgentinasFlybondi
JetSMART Paranair
Asunción
57%
Copa Airlines Ciudad de Panamá
57%
Aerolíneas Argentinas Curitiba
57%
Aerolíneas Argentinas Esquel
57%
GOL Linhas Aéreas Fortaleza
57%
Aerolíneas ArgentinasFlybondi
JetSMART
Neuquén
57%
Aerolíneas ArgentinasFlybondi Puerto Madryn
57%
Aerolíneas ArgentinasAraJet Punta Cana
57%
Aerolíneas ArgentinasGOL Linhas Aéreas Punta del Este
57%
GOL Linhas AéreasJetSMART Recife
57%
Aerolíneas Argentinas Río Cuarto
57%
Aerolíneas Argentinas JetSMART San Martín de Los Andes
57%
Aerolíneas Argentinas JetSMART Trelew
57%
FlybondiGOL Linhas Aéreas Maceió
43%
Aerolíneas Argentinas Río Grande
43%
AraJet Santo Domingo
43%
Humming Airways Villa Gesell
43%
China Eastern Airlines Auckland
29%
Aerolíneas Argentinas Merlo (SL)
29%
GOL Linhas AéreasJetSMART Natal
29%
Humming Airways Olavarría
29%
Humming Airways Tandil
29%
Aerolíneas Argentinas Termas de Río Hondo
29%
Humming Airways Concordia
14%
Flybondi Encarnación
14%
GOL Linhas Aéreas João Pessoa
14%
Aerolíneas Argentinas Oranjestad
14%
Aerolíneas ArgentinasGOL Linhas Aéreas Porto Seguro
14%
Humming Airways Villa María
14%
Aerolíneas Argentinas Cabo Frio
0%
Humming Airways Venado Tuerto
0%
No se encontraron pruebas coincidentes
Distribución de puntuación
Porcentaje de gente con cada puntuación
Porcentaje por número respondido
Historial de tus puntuaciones
No has intentado esta prueba desde el último reinicio